Finding information : a guide to research in academic libraries /

Bibliographic Details
Main Author: Ruben, Roberta Lynne
Other Authors: Brewer, Janice K.
Format: Book
Language:English
Published: Salem, WI : Sheffield Publishing Co., [1991]
Subjects:

MARC

Tag First Indicator Second Indicator Subfields
LEADER 00000cam a2200000 a 4500
001 in00000985643
005 20150927182333.0
008 910507s1991 wiua 00010 eng d
010 |a  90063592  
020 |a 1879215004 (pbk.) 
035 |a (OCoLC)23712696 
035 |9 AEZ3491AM 
040 |a NBU  |c NBU  |d UtOrBLW 
049 |a TXAM 
090 |a Z675.U5  |b R78 1991 
100 1 |a Ruben, Roberta Lynne. 
245 1 0 |a Finding information :  |b a guide to research in academic libraries /  |c by Roberta Lynne Ruben ; edited by Janice K. Brewer. 
264 1 |a Salem, WI :  |b Sheffield Publishing Co.,  |c [1991] 
264 4 |c ©1991 
300 |a 439 pages :  |b illustrations ;  |c 28 cm. 
336 |a text  |b txt  |2 rdacontent 
337 |a unmediated  |b n  |2 rdamedia 
338 |a volume  |b nc  |2 rdacarrier 
504 |a Includes bibliographical references. 
650 0 |a Academic libraries  |x Handbooks, manuals, etc. 
650 0 |a Research  |v Handbooks, manuals, etc. 
650 0 |a Bibliography  |x Methodology  |v Handbooks, manuals, etc. 
700 1 |a Brewer, Janice K. 
999 |a MARS 
999 f f |s 7240083c-926b-33bf-a05c-bd1c44a6933c  |i 17fe6530-ab2b-3c7c-8e1d-518b0e9b3eae  |t 0 
952 f f |p ric  |a Texas A&M University  |b Rellis Campus  |c Joint Library Facility  |d Remote Storage  |t 0  |e Z675.U5 R78 1991  |h Library of Congress classification  |i unmediated -- volume  |m A14815147694 
998 f f |a Z675.U5 R78 1991  |t 0  |l Remote Storage